00485nam a22001577a 450000500170000000800410001702000150005804100130007308200150008610000290010124500770013025000190020726000470022630000290027365000250030220231108115437.0231108b |||||||| |||| 00| 0 eng d a0702133914 aEnglish  a346.3 COR  aGauntlett, JJ lEnglish  aThe Quantum of Damages in Bodily and Fatal Injury Cases /cJJ Gauntlett  aFourth Edition aCape Town : bJuta and Company Ltd, c1995 bxxv, 98 pages ; c26 cm. aLegal practice bLaw